[Event "Kaltern Trophy-B 2nd"]
[Site "Kaltern"]
[Date "2017.10.29"]
[Round "4"]
[White "Feichter, Matthias"]
[Black "Pecchioli, Valentina"]
[Result "1-0"]
[WhiteElo "1631"]
[BlackElo "1348"]
[PlyCount "57"]
[EventDate "2017.10.27"]
[EventType "swiss"]
[EventRounds "5"]
[EventCountry "ITA"]
[SourceTitle "CBM 181 Extra"]
[Source "ChessBase"]
[SourceDate "2017.12.12"]
[SourceVersion "1"]
[SourceVersionDate "2017.12.12"]
[SourceQuality "1"]

1. e4 c5 2. Nf3 Nc6 3. d4 cxd4 4. Nxd4 g6 5. Nc3 Bg7 6. Be3 Nf6 7. f3 0-0 8. Bc4 d6 9. Bb3 a6 10. Qd2 Nxd4 11. Bxd4 Bd7 12. Be3 b5 13. h4 h5 14. 0-0-0 Qc7 15. Kb1 Rab8 16. g4 b4 17. Nd5 Qa5 18. Nxe7+ Kh7 19. Qxd6 Rfd8 20. Bxf7 Be8 21. Qe6 Bxf7 22. Qxf7 Qc7 23. Qxg6+ Kh8 24. Nf5 Rg8 25. gxh5 Nh7 26. Qd6 Qc4 27. Nxg7 Rbc8 28. Qd3 Qc6 29. Nf5 1-0

[Event "Kaltern Trophy-B 2nd"]
[Site "Kaltern"]
[Date "2017.10.29"]
[Round "5"]
[White "Pecchioli, Valentina"]
[Black "Saxl, Alexander"]
[Result "0-1"]
[WhiteElo "1348"]
[BlackElo "1503"]
[PlyCount "56"]
[EventDate "2017.10.27"]
[EventType "swiss"]
[EventRounds "5"]
[EventCountry "ITA"]
[SourceTitle "CBM 181 Extra"]
[Source "ChessBase"]
[SourceDate "2017.12.12"]
[SourceVersion "1"]
[SourceVersionDate "2017.12.12"]
[SourceQuality "1"]

1. d4 e6 2. Bf4 Nc6 3. Nf3 d5 4. c3 Nf6 5. e3 Be7 6. Bd3 0-0 7. 0-0 Nh5 8. Bg3 Nxg3 9. hxg3 Bf6 10. Nbd2 e5 11. dxe5 Bxe5 12. Nxe5 Nxe5 13. Bc2 Ng4 14. Re1 Re8 15. Qf3 Qg5 16. Nf1 Re6 17. Rad1 c6 18. Rd4 Rh6 19. Nd2 Qh5 20. Kf1 Nh2+ 21. Ke2 Nxf3 22. Nxf3 Bg4 23. Rdd1 Bxf3+ 24. gxf3 Re8 25. g4 Qh2 26. Rh1 Qxh1 27. Rxh1 Rxh1 28. e4 g6 0-1

[Event "Kaltern Trophy-B 2nd"]
[Site "Kaltern"]
[Date "2017.10.28"]
[Round "3"]
[White "Pecchioli, Valentina"]
[Black "Pfeifhofer, Helmut"]
[Result "0-1"]
[WhiteElo "1348"]
[BlackElo "1600"]
[PlyCount "76"]
[EventDate "2017.10.27"]
[EventType "swiss"]
[EventRounds "5"]
[EventCountry "ITA"]
[SourceTitle "CBM 181 Extra"]
[Source "ChessBase"]
[SourceDate "2017.12.12"]
[SourceVersion "1"]
[SourceVersionDate "2017.12.12"]
[SourceQuality "1"]

1. d4 Nf6 2. Bf4 g6 3. Nf3 Bg7 4. e3 d5 5. Bd3 0-0 6. 0-0 a6 7. c3 Nbd7 8. Nbd2 c5 9. Ne5 c4 10. Bc2 Nh5 11. Bg3 Nxe5 12. Bxe5 Bxe5 13. dxe5 Qc7 14. Nf3 Bg4 15. Qd4 Bxf3 16. gxf3 Rad8 17. Kh1 Ng7 18. Rg1 Ne6 19. Qh4 Qxe5 20. f4 Qd6 21. f5 Ng7 22. fxg6 fxg6 23. Raf1 Nf5 24. Qh3 Ng7 25. f4 Rf6 26. Qh4 Rdf8 27. Qh6 Nf5 28. Qh3 Qe6 29. Re1 Nd4 30. Qg2 Nxc2 31. Qxc2 Qc6 32. Qg2 Kg7 33. h4 Rf5 34. Kh2 Qf6 35. Qg4 e5 36. h5 exf4 37. h6+ Kxh6 38. Qh3+ Rh5 0-1

[Event "Kaltern Trophy-B 2nd"]
[Site "Kaltern"]
[Date "2017.10.27"]
[Round "1"]
[White "Steinegger, Egon"]
[Black "Pecchioli, Valentina"]
[Result "1-0"]
[WhiteElo "1628"]
[BlackElo "1348"]
[PlyCount "41"]
[EventDate "2017.10.27"]
[EventType "swiss"]
[EventRounds "5"]
[EventCountry "ITA"]
[SourceTitle "CBM 181 Extra"]
[Source "ChessBase"]
[SourceDate "2017.12.12"]
[SourceVersion "1"]
[SourceVersionDate "2017.12.12"]
[SourceQuality "1"]

1. e4 c5 2. Nc3 Nc6 3. Bc4 e6 4. d3 g6 5. Nf3 Bg7 6. Bg5 Nge7 7. Rb1 0-0 8. 0-0 a6 9. Qd2 b5 10. Bb3 Bb7 11. Bh6 Qc7 12. Bxg7 Kxg7 13. Ne2 d5 14. exd5 Nxd5 15. Bxd5 exd5 16. Qc3+ Kg8 17. Qxc5 Rfd8 18. Rfe1 Rac8 19. c3 Ne5 20. Qxc7 Rxc7 21. Nxe5 1-0